• 首页
  • 本馆介绍
  • 公告通知
  • 最新文献
  • 馆藏检索
  • 电子资源
  • 读者导购
  • 参考咨询
  • 我的图书馆
  • 登录
  • 详细信息显示
  • 放入我的书架
  • 预约/预借图书
  • 作者相关作品
  • 分类相关作品
  • 丛书相关作品
  • 出版社相关作品

书目信息

  • 表格格式
  • 工作单格式
  • 卡片格式
题名:
评论
    
 
作者: ;江苏省作家协会 编
分册:  
出版信息: 上海   学林出版社  2002
页数: 479页
开本: 21cm
丛书名:
单 册:
中图分类: I206.7-53
科图分类:
主题词: 当代文学--文学评论--中国--文集
电子资源:
ISBN: 7-80668-247-3
000 00574nam0 2200193 45
001 0310111799
005 20031219104119.9
010    @a7-80668-247-3@dCNY29.00
100    @a20031011d2002 km y0chiy0120 ea
101 0  @achi
105    @a z 000yy
200 1  @a评论@APing Lun@f江苏省作家协会编@FJiang Su Sheng Zuo Jia Xie Hui Bian
210    @a上海@c学林出版社@d2002
215    @a479页@d21cm
606 0  @a当代文学@x文学评论@y中国@z文集
690    @aI206.7-53@v4
711 02 @a江苏省作家协会@4编
801    @aCN@bTSTC@c20031011
905    @a213230@b326842-844@dI206.7-53@e130@f3
    
    评论/江苏省作家协会编.-上海:学林出版社,2002
    479页;21cm
    
    
    ISBN 7-80668-247-3:CNY29.00
    
●
相关链接 在E读中查询图书 在五车中查询图书 在当当中查询图书 在豆瓣中查询图书


正题名:评论     索取号:I206.7-53/130         预约/预借

序号 登录号 条形码 馆藏地/架位号 状态 备注
1 0326842   203268427   第二借阅区/ [索取号:I206.7-53/130] 在馆    
2 0326843   203268436   第二借阅区/ [索取号:I206.7-53/130] 在馆    
3 0326844   203268445   第一样本阅览室/ [索取号:I206.7-53/130] 在馆    
4 0331280   203312806   第二借阅区/ [索取号:I206.7-53/130] 在馆    
5 0331281   203312815   第二借阅区/ [索取号:I206.7-53/130] 在馆    
6 0331282   203312824   第二借阅区/ [索取号:I206.7-53/130] 在馆    
7 0331283   203312833   第二借阅区/ [索取号:I206.7-53/130] 在馆    
8 0331284   203312842   第二借阅区/ [索取号:I206.7-53/130] 在馆    
唐山师范学院图书馆 欢迎您!
大连网信软件有限公司© 版权所有